[Event "Wch U10 blitz"]
[Site "Batumi"]
[Date "2023.06.10"]
[Round "5"]
[White "Gogava, Luka"]
[Black "Zhao, George"]
[Result "0-1"]
[WhiteElo "1250"]
[BlackElo "1570"]
[PlyCount "90"]
[EventDate "2023.06.10"]
[EventType "swiss (blitz)"]
[EventRounds "11"]
[EventCountry "GEO"]
[SourceTitle "EXT 2024"]
[Source "ChessBase"]
[SourceDate "2023.10.10"]
[SourceVersion "1"]
[SourceVersionDate "2023.10.10"]
[SourceQuality "1"]
[WhiteTeam "Georgia"]
[BlackTeam "England"]
[WhiteTeamCountry "GEO"]
[BlackTeamCountry "ENG"]

1. e4 e6 2. d4 d5 3. Nd2 a6 4. Ngf3 c5 5. exd5 Qxd5 6. Bc4 Qc6 7. 0-0 Nf6 8. Bd3 Nbd7 9. c3 Be7 10. Re1 0-0 11. Ne4 b5 12. Nxf6+ Nxf6 13. Ne5 Qc7 14. Be3 Bb7 15. Be2 Rfd8 16. Bf3 cxd4 17. cxd4 Bxf3 18. Nxf3 Nd5 19. Rc1 Qb6 20. a3 Rac8 21. Qd3 h6 22. Qd2 b4 23. Rxc8 Rxc8 24. Bxh6 gxh6 25. Qxh6 e5 26. Qh3 Qe6 27. Qg3+ Kf8 28. Nxe5 Bf6 29. h3 Qf5 30. axb4 Rc7 31. Ng4 Be7 32. Ne5 Rc2 33. Rf1 Bd6 34. Qb3 Bxe5 35. dxe5 Nf4 36. g4 Qxe5 37. Qxc2 Nxh3+ 38. Kg2 Nf4+ 39. Kf3 Ne6 40. Qd3 Ng5+ 41. Kg2 Ne6 42. f3 Nf4+ 43. Kg1 Nxd3 44. Rd1 Qg3+ 45. Kh1 Nf2# 0-1